Handball Bundesliga - Mannschaften - Statistiken

Allgemein
  • Dieses Quiz wurde 464 mal gespielt
  • Das Durchschnittsergebnis liegt bei 14 aus 18
Antwortstatistiken
Verein % Korrekt
#2 Füchse Berlin
98%
#12 THW Kiel
98%
#4 SC Magdeburg
93%
#3 SG Flensburg-Handewitt
91%
#15 Rhein-Neckar Löwen
89%
#11 HSV Handball Hamburg
79%
#6 TBV Lemgo Lippe
78%
#9 VfL Gummersbach
78%
#14 SC DHfK Leipzig
77%
#10 TSV Hannover-Burgdorf
77%
#13 TVB Stuttgart
76%
#18 MT Melsungen
74%
#5 HC Erlangen
68%
#8 Frischauf! Göppingen
67%
#7 GWD Minden
64%
#17 Bergischer HC
61%
#1 ThSV Eisenach
61%
#16 HSG Wetzlar
60%
Keine übereinstimmenden Quizze gefunden
Verteilung der Resultate
Anzahl Personen mit jedem Resultat
Perzentil nach korrekt beantworteten Fragen
Ihre Resultats-Entwicklung
Sie haben dieses Quiz noch nicht gespielt